000 00351nam a2200157Ia 4500
005 20250425161150.0
008 250425s9999 xx 000 0 und d
041 _aspa
082 _a510.77
245 0 _aGRAFICAS; RELACIONES Y FUNCIONES
250 _aS.E.
260 _aS.L.
260 _aSin Pais
_bTRIL
_c1972
942 _c01
010 _a14164
999 _c203725
_d203725